The Perfect Swarm : The Science Of Complexity in Everyday Life
Gespeichert in:
| 1. Verfasser: | |
|---|---|
| Format: | Buch |
| Sprache: | Englisch |
| Veröffentlicht: |
New York :
Basic Books,
2009
|
| Schlagworte: | |
| Tags: |
Keine Tags, Fügen Sie das erste Tag hinzu!
|
MARC
| LEADER | 00000nam a22000003a 4500 | ||
|---|---|---|---|
| 001 | stu214275 | ||
| 005 | 20150617230125.7 | ||
| 008 | 101025s2009----xxu-----------------eng-d | ||
| 020 | |a 978-0-465-01884-0 | ||
| 040 | |a STU |b slo | ||
| 041 | 0 | |a eng | |
| 044 | |a xxu | ||
| 100 | 1 | |a Fisher, Len |4 aut | |
| 245 | 1 | |a The Perfect Swarm : |b The Science Of Complexity in Everyday Life | |
| 260 | |a New York : |b Basic Books, |c 2009 | ||
| 300 | |a 260 s | ||
| 650 | 7 | |a inteligencia včelieho roja |2 stusub | |
| 996 | |b 284IK06769 |c I*14IB6189 |l II680 |s A |a 24 |w stu214275_0001 | ||